| 000 | 00510nam a2200169 i 4500 | ||
|---|---|---|---|
| 001 | 51350 | ||
| 003 | ES-MaACL | ||
| 005 | 20230906162335.0 | ||
| 007 | t| | ||
| 008 | 030812s1957 fr ||||1| fre d | ||
| 100 | 1 |
_aCharpier, Jacques. _938116 |
|
| 245 | 1 | 2 |
_aL'art de la peinture / _cJacques Charpier et Pierre Seghers. |
| 260 |
_a[Paris] : _bSeghers, _c[1957] ( _eVersiers (Belgique) : _fGerard) |
||
| 300 |
_a724 p. ; _c22 cm. |
||
| 700 | 1 |
_aSeghers, Pierre. _9105133 |
|
| 852 |
_aES-MaACL _jC-16572 _bR.44690 |
||
| 999 |
_c51350 _d51350 |
||